000 00283nam a22001217a 4500
082 _a474
_bADI/L
100 _aADITHYANATH, YOGI
245 _aLOK AARADHANA KE ABHIVYAKTHY
260 _aLUCKNOW
_bETHER PRESS
300 _a242
650 _aABOUT YOGI ADITHYANATH
_zLUCKNOW
942 _cBK
999 _c6860
_d6860